000 00939nam a22002297a 4500
005 20210325205907.0
008 s2554 th ||||| |||| 00| 0 tha d
020 _a9786167351544
050 _aCB161 ด382ส 2554
100 0 _aดาณุภา ไชยพรธรรม
245 1 0 _a10 หายนะภัยวันสิ้นโลก
260 3 _aกรุงเทพฯ :
_bแพรธรรม,
_c2554
300 _a190 หน้า :
_b ภาพประกอบ ;
_c 21 ซม.
650 0 4 _aภัยพิบัติ
650 0 4 _aโลก -- คริสตศตวรรษที่ 21 -- พยากรณ์
650 0 4 _aวันสิ้นสุดโลก
850 _aNALT
942 _cGB
997 _a39814 ฉ.1 /39815 ฉ.2
997 _c000000000064726
998 _aนางสุกัญญา กัลยา
999 _c64726
_d64726